000 00933nam a2200289Ia 4500
001 A0457
003 IT-RoPAU
008 130308s9999 xx 000 0 und d
040 _aIT-RoPAU
040 _cIT-RoPAU
041 _aITALIANO
100 _aChiacchiari Federico
100 _gCodice Aut. SPICS: 20786
245 _aPiccola bottega degli orrori (La)
245 _bDavid Lynch: Film. visioni e incubi da Six Figures a Twin Peaks
250 _a1a ed.
260 _aROMA
260 _bSorbini Stefano Editore
260 _c1991 [1° Ed.:1991 - Ed.Ling.Originale:1991]
300 _a"11 p. (prefazione: no ; testo: 11 [pagine: 11-21])"
500 _aProvincia Americana Secondo David Lynch. Note sull'arte del regista e Notecritiche Sui Suoi Film, tra Perversione, Oscurità, Orrore.
650 _aAUTORI/OPERE DEL CINEMA
650 _eCodice materia Spics: 6807
942 _cBK
957 _71
999 _c83172
_d83172
999 _g1